000 00486nam a2200181Ia 4500
005 20250508151034.0
008 008 250505s9999 xx 000 0 eng d
037 _aTextual
040 _aFEDL
_beng
_cFEDL
041 _aeng
_2eng
084 _a371.73, LAW
_qFEDL
100 _aLawther John D
245 0 _aPsychology of coaching
260 _aNew York, USA
_bPrentice Hall
_c1951
300 _ax,333p.
942 _cTEXL
_h371.73, LAW
999 _c1327216
_d1327216